00863nam a2200145 a 450000100100000000500170001000800410002704000250006808200150009310000370010824504250014526000930057030000300066370000240069300001341720240927073747.0091124s1974 dr c r 000 0 spa d aDO-SdBNPbspacBNPHU axxxbD611p1 a Balaguer, Joaquín,d1906-200210aDiscurso pronunciados Por el Presidente de la República Doctor Joaquín Balaguer, en la firma del préstamo de $12.0 millones para el sector agrícola durante la reunión de la Comisión Nacional de Desarrollo celebrada el día 16 de octubre de 1974, en el Palacio Nacional, y del Señor Robert A. Hurwitch, embajador de los Estados Unidos de América :bsupremo impulso a la agricultura /cJoaquín Balaguer. aSanto Domingo :bDirección General de Información y Prensa de la Presidencia,c1974. a36 p. :bretrs. ;c21 cm.1 aHurwitch, Robert A.